000 01194nam a22003257i 4500
003 EG-GICUC
005 20260426111554.0
008 260412s2004 ua |||fr|||| 000 0 ara d
017 _a2004/2630
020 _a9770444065
040 _a EG-GICUC
_bara
_c EG-GICUC
_d EG-GICUC
_erda
041 0 _aara
082 0 4 _221
_a341.84
_bح س . ح
092 0 4 _221
099 _aLaw1 12 341.84 ح س . ح 2004
100 0 _aحسام الدين فتحي ناصف
_eمؤلف.
245 1 0 _a / حماية المستهلك من خلال قواعد تنازع القوانين
_cتأليف حسام الدين فتحي ناصف.
264 1 _aالقاهرة :
_bدار النهضة العربية ،
_c2004.
300 _a119 صفحة ؛
_c24 سم
336 _2rda content
_atext
337 _2rda media
_aComputer
338 _2rda carrier
_aOnline Resource
504 _a. 240-220 ببليوجرافيا: صفحات.
546 _aالنص باللغة العربية
650 1 4 _aالقانون الدولي الخاص
_vتنازع القوانين
_2qrmak
651 1 _2qrmak
856 4 0 _uhttps://fll.law.cu.edu.eg/fulltext/bks/B12-02804.pdf
905 _a56
942 _2ddc
_cBK
_e21
_n0
999 _c70292
_d70292